01317 2200373 4500001002100000005001500021035002000036007000300056008004100059020002200100082001900122084002100141100003700162245020600199250003500405300003900440500001100479650003500490700003300525700003300558700003200591700003400623700003800657504003300695264004100728336002100769337003000790338002300820040002200843090002200865850001200887999002200899990002200921INLIS00000000088046020230731094425 a0010-0723000831ta230731s2021 yoia g 001 0 ind d a978-623-296-228-404223a327.598056 a327.598056 NOS d0 aNostalgiawan WahyudhiePengarang10aDiplomasi ekonomi Indonesia di Timur Tengah :bArab Saudi dan Qatar /cNostalgiawan Wahyudhi, M. Hamdan Basyar, Dhurorudin Mashad, M. Fakry Ghafur, Defbry Margiansyah; penyunting, Nostalgiawan Wahyudhi aCetakan Pertama, Desember 2021 axiv, 292 halaman :bbagan ;c23 cm aIndeks 3aHubungan ekonomi internasional0 aHamdan Basyar, M.ePengarang0 aDhurorudin MashadePengarang0 aFakry Ghafur, M.ePengarang0 aDefbry MargiansyahePengarang0 aNostalgiawan WahyudhiePenyunting aBibliografi: halaman 274-27731aYogyakarta :bPustaka Pelajar,c2021 2rdacontentateks 2rdamediaatanpa perantara 2rdacarrieravolume aYOPDYOGbinderda aCB-D.11 2021-4225 aYOPDYOG aCB-D.11/2021-4225 aCB-D.11/2021-4225